000 00677nam a2200229 a 4500
001 14163
003 BD-JhCC
005 20250204114304.0
008 250204b1997 n |||| ||a| 001 0 eng d
020 _a0079122507
035 _a(BD-JhCC)14163
040 _aBD-JhCC
_dBD-JhCC
041 _aEnglish
082 _a005.36
_bPRA 1997
100 _aPrasad,Shashi
245 _aMultithreading programming techniques /
_cShashi Prasad.
260 _aNew York:
_bMcGraw-Hill;
_c1997.
300 _axix, 410 p. :
_c24 cm.
651 _aApplication software
_vC (Computer program language)
_xCross-platform software
_yDéveloppement
_zDevelopment
942 _2ddc
_cBK
999 _c14163
_d14163